| 000 | 00976nam a22002177a 4500 | ||
|---|---|---|---|
| 005 | 20220721150023.0 | ||
| 008 | 220721b ||||| |||| 00| 0 eng d | ||
| 040 | _cAloy | ||
| 041 | _ahin | ||
| 082 |
_223 _aH891.8 _bRAKS |
||
| 100 |
_aVishnudatt Rakesh: विष्णुदत्त राकेश Ed _952347 |
||
| 245 | _aShraddanandh ke sampadakiya lekh: स्वामी श्रद्धानन्द के सम्पादकीय लेख | ||
| 260 |
_aHaridwar: _bShri Swami Shraddanadh Anusandhan Prakashan Kendr _c1998 |
||
| 300 |
_a625p. _bHB _c22x14cm. |
||
| 365 | _2Hindi | ||
| 650 |
_aHindi Miscellaneous: हिंदी विविध _952327 |
||
| 650 |
_aHindi Literature: हिंदी साहित्य _952328 |
||
| 700 |
_aRAKESH (Vishnudatt): राकेश (विष्णुदत्त) Ed _952329 |
||
| 700 |
_aVIDYALANKAR (Jagadeesh): विद्यालंकार (जगदीश) Ed _952340 |
||
| 942 |
_2ddc _cGF |
||
| 999 |
_c224074 _d224074 |
||